[Event "39th POL-ch (w)"]
[Site "Wroclaw POL"]
[Date "1987.??.??"]
[Round "6"]
[White "Strzalka, Joanna"]
[Black "Rzeczycka, Bozena"]
[Result "1/2-1/2"]
[WhiteElo "2170"]
[BlackElo "2180"]
[EventDate "1987.03.20"]
[PlyCount "74"]

1.e4 e5 2.Nf3 Nc6 3.Nc3 g6 4.d4 exd4 5.Nxd4 Bg7 6.Be3 d6 7.Be2 Nf6 8.f3 
Nxd4 9.Bxd4 O-O 10.Qd2 Be6 11.O-O-O c5 12.Be3 Qa5 13.Qxd6 Nd7 14.Bb5 Rfd8 
15.Bxd7 Rxd7 16.Qxc5 Bxc3 17.Qxc3 Qxc3 18.bxc3 Rxd1+ 19.Rxd1 Bxa2 20.Rd7 
b6 21.Rc7 Be6 22.c4 Rc8 23.Rxa7 Bxc4 24.Bxb6 Bd3 25.Bc7 Bf1 26.g3 Bg2 27.
f4 Bxe4 28.Kd2 Ra8 29.Rxa8+ Bxa8 30.Ke3 Kf8 31.g4 h5 32.gxh5 gxh5 33.f5 h4
34.Kf4 Ke8 35.c4 Kd7 36.Be5 h3 37.Bb2 Bg2 1/2-1/2

[Event "39th POL-ch (w)"]
[Site "Wroclaw POL"]
[Date "1987.??.??"]
[Round "6"]
[White "Sikora-Gizynska, Bozena"]
[Black "Zboron, Hanna"]
[Result "1-0"]
[WhiteElo "2155"]
[BlackElo "2070"]
[EventDate "1987.03.20"]
[PlyCount "77"]

1.e4 c5 2.Nf3 d6 3.d4 cxd4 4.Nxd4 Nf6 5.Nc3 Nc6 6.Be2 e5 7.Nf3 h6 8.O-O 
Be7 9.Re1 O-O 10.h3 Be6 11.Bf1 a6 12.Nd5 b5 13.c4 Rb8 14.b3 Bxd5 15.exd5 
Na7 16.Be3 Qc7 17.Rc1 Qb7 18.Nd2 Nd7 19.cxb5 axb5 20.Ne4 f5 21.Nc3 b4 22.
Na4 Nb5 23.f3 Rfc8 24.Qd3 Rxc1 25.Rxc1 f4 26.Bf2 Nc7 27.Rc6 Nf6 28.Nb6 Kh8
29.Qc4 Na8 30.Rc8+ Rxc8 31.Qxc8+ Qxc8 32.Nxc8 Bf8 33.Bc4 Nc7 34.Nb6 e4 35.
Be1 e3 36.Bxb4 g5 37.a4 e2 38.Kf2 h5 39.Kxe2 1-0

[Event "39th POL-ch (w)"]
[Site "Wroclaw POL"]
[Date "1987.??.??"]
[Round "6"]
[White "Leszner, Liliana"]
[Black "Jalowiec, Halina"]
[Result "1/2-1/2"]
[WhiteElo "2190"]
[BlackElo "2175"]
[EventDate "1987.03.20"]
[PlyCount "89"]

1.e4 d5 2.exd5 Nf6 3.d4 Nxd5 4.Nf3 g6 5.Be2 Bg7 6.O-O O-O 7.h3 Nc6 8.c4 
Nb6 9.Be3 e5 10.d5 Ne7 11.Nc3 Nf5 12.Bc5 Re8 13.Re1 Nd7 14.Ba3 e4 15.Nh2 
e3 16.fxe3 Nxe3 17.Qd3 Nb6 18.Qd2 Nexc4 19.Bxc4 Nxc4 20.Rxe8+ Qxe8 21.Re1 
Be5 22.Qf2 Nxa3 23.bxa3 Bxh2+ 24.Kxh2 Qd8 25.Qc5 Bd7 26.Ne4 f5 27.Nd2 Qh4 
28.Nf3 Qf4+ 29.Kg1 Re8 30.Rxe8+ Bxe8 31.Qe7 Bf7 32.Ne5 Qd4+ 33.Kh1 Qxd5 
34.Qxc7 a6 35.Qe7 Qe6 36.Qd8+ Kg7 37.Nd7 Qe1+ 38.Kh2 Qe8 39.Qf6+ Kg8 40.
Qd4 Qe7 41.Nf6+ Kf8 42.Nxh7+ Kg8 43.Nf6+ Kf8 44.Nd7+ Kg8 45.Nf6+ 1/2-1/2

[Event "39th POL-ch (w)"]
[Site "Wroclaw POL"]
[Date "1987.??.??"]
[Round "6"]
[White "Jagodzinska, Joanna"]
[Black "Laszewska, Izabela"]
[Result "1/2-1/2"]
[WhiteElo "2200"]
[BlackElo "2150"]
[EventDate "1987.03.20"]
[PlyCount "69"]

1.e4 e6 2.Nf3 d5 3.Nc3 Nf6 4.e5 Nfd7 5.d4 c5 6.dxc5 Nc6 7.Bf4 Bxc5 8.Bd3 
f6 9.exf6 Nxf6 10.O-O O-O 11.Ne5 Qe8 12.Nxc6 bxc6 13.Na4 Be7 14.Qe2 Qf7 
15.Rae1 Nd7 16.Bg3 Nb6 17.Nxb6 axb6 18.a3 Bf6 19.c3 Re8 20.Qc2 Qh5 21.Bc7 
d4 22.cxd4 c5 23.dxc5 bxc5 24.Bb5 Re7 25.Bd6 Rb7 26.a4 Bd4 27.b3 Bd7 28.
Bxd7 Rxd7 29.Qe4 Qd5 30.Qxe6+ Qxe6 31.Rxe6 Rb7 32.Re7 Rxb3 33.Rc7 Rc3 34.
h3 Rc2 35.Rd1 1/2-1/2

[Event "39th POL-ch (w)"]
[Site "Wroclaw POL"]
[Date "1987.??.??"]
[Round "7"]
[White "Zboron, Hanna"]
[Black "Kaczorowska, Barbara"]
[Result "1/2-1/2"]
[WhiteElo "2070"]
[BlackElo "2170"]
[EventDate "1987.03.20"]
[PlyCount "73"]

1.d4 d5 2.c4 c6 3.Nc3 Nf6 4.Nf3 dxc4 5.e4 b5 6.Qc2 e6 7.Bg5 Be7 8.a4 Qa5 
9.Bd2 Qb6 10.Be2 O-O 11.O-O Nbd7 12.axb5 cxb5 13.d5 exd5 14.e5 d4 15.Nxd4 
Nxe5 16.Ndxb5 Bb7 17.Be3 Bc5 18.Bxc5 Qxc5 19.Na3 Qc6 20.f3 Rfd8 21.Na4 Nd5
22.Nxc4 Nxc4 23.Qxc4 Qg6 24.Bd3 Qg5 25.Qe4 g6 26.f4 Nxf4 27.Qxb7 Nxd3 28.
Qxf7+ Kh8 29.Qf6+ Qxf6 30.Rxf6 Kg7 31.Rc6 Rd7 32.Nc5 Nxc5 33.Rxc5 Rb8 34.
Rca5 Rxb2 35.Rxa7 Rxa7 36.Rxa7+ Kh6 37.h3 1/2-1/2

[Event "39th POL-ch (w)"]
[Site "Wroclaw POL"]
[Date "1987.??.??"]
[Round "7"]
[White "Sosnowska, Elzbieta"]
[Black "Leszner, Liliana"]
[Result "0-1"]
[WhiteElo "2065"]
[BlackElo "2190"]
[EventDate "1987.03.20"]
[PlyCount "94"]

1.e4 Nf6 2.Nc3 d5 3.exd5 Nxd5 4.Bc4 Nb6 5.Bb3 Nc6 6.Nf3 Bf5 7.O-O e6 8.d4 
Be7 9.Re1 Na5 10.Qe2 Nxb3 11.axb3 O-O 12.Ne4 Bg4 13.c3 Qd5 14.b4 a5 15.
Rxa5 Rxa5 16.bxa5 Qxa5 17.h3 Bh5 18.b4 Qd5 19.Bf4 c6 20.Ra1 Ra8 21.Rxa8+ 
Nxa8 22.Ned2 Nb6 23.Qe5 Qxe5 24.Bxe5 Na4 25.Nb1 Bg6 26.Nfd2 Bd3 27.g3 Bg5 
28.f4 Be7 29.Kf2 Nb6 30.Ke3 Bc2 31.Na3 Nd5+ 32.Kf2 Bf5 33.Ndb1 Bxh3 34.Ke2
h5 35.Kd2 Bf5 36.Nc2 f6 37.Bb8 g5 38.Nba3 h4 39.fxg5 h3 40.g4 e5 41.gxf6 
Bxf6 42.gxf5 h2 43.c4 Ne7 44.dxe5 Bg5+ 45.Kd3 h1=Q 46.f6 Qf3+ 47.Kd4 Nf5+ 
0-1

[Event "39th POL-ch (w)"]
[Site "Wroclaw POL"]
[Date "1987.??.??"]
[Round "7"]
[White "Rzeczycka, Bozena"]
[Black "Kaczmarek, Ewa"]
[Result "0-1"]
[WhiteElo "2180"]
[BlackElo "2140"]
[EventDate "1987.03.20"]
[PlyCount "72"]

1.e4 c5 2.Nf3 Nc6 3.d4 cxd4 4.Nxd4 Nf6 5.Nc3 e5 6.Ndb5 d6 7.Bg5 a6 8.Na3 
b5 9.Nd5 Be7 10.Bxf6 Bxf6 11.c3 Ne7 12.Nxf6+ gxf6 13.Bd3 Bb7 14.Qe2 d5 15.
Rd1 Qb6 16.O-O Rd8 17.Rfe1 Ng6 18.Bb1 Nf4 19.Qe3 Qe6 20.f3 Rg8 21.g3 Qh3 
22.Qf2 Nh5 23.Qg2 Qe6 24.exd5 Bxd5 25.Be4 Bxe4 26.Rxd8+ Kxd8 27.fxe4 Ke7 
28.Qf2 Nf4 29.Qc5+ Ke8 30.Rd1 Qh3 31.Rd2 Rg6 32.Qd6 Rxg3+ 33.hxg3 Qxg3+ 
34.Kf1 Qf3+ 35.Ke1 Qh1+ 36.Kf2 Qg2+ 0-1

[Event "39th POL-ch (w)"]
[Site "Wroclaw POL"]
[Date "1987.??.??"]
[Round "8"]
[White "Szmacinska, Grazyna"]
[Black "Rzeczycka, Bozena"]
[Result "1/2-1/2"]
[WhiteElo "2315"]
[BlackElo "2180"]
[EventDate "1987.03.20"]
[PlyCount "70"]

1.Nf3 Nf6 2.g3 d5 3.Bg2 c6 4.O-O Bg4 5.d3 Nbd7 6.b3 e5 7.Bb2 Bd6 8.c4 O-O 
9.cxd5 cxd5 10.Nc3 a6 11.Qd2 Qe7 12.Rfc1 Rac8 13.Rc2 Rc7 14.Rac1 Rfc8 15.
h3 Bf5 16.g4 Be6 17.Ng5 h6 18.Nxe6 Qxe6 19.Nb1 Nf8 20.Rxc7 Rxc7 21.Rxc7 
Bxc7 22.Qb4 b6 23.e4 dxe4 24.dxe4 Ng6 25.Qc3 Qd6 26.Qd2 Nf4 27.f3 Qc5+ 28.
Kh2 b5 29.Ba3 Qc6 30.Qc3 Qd7 31.Bc1 Ne2 32.Qd2 Nxc1 33.Qxc1 Bb6 34.Nc3 Qd3
35.Nd5 Nxd5 1/2-1/2

[Event "39th POL-ch (w)"]
[Site "Wroclaw POL"]
[Date "1987.??.??"]
[Round "8"]
[White "Strzalka, Joanna"]
[Black "Sosnowska, Elzbieta"]
[Result "1/2-1/2"]
[WhiteElo "2170"]
[BlackElo "2065"]
[EventDate "1987.03.20"]
[PlyCount "25"]

1.e4 e5 2.Nf3 Nf6 3.Nc3 Bb4 4.Nxe5 O-O 5.Be2 Re8 6.Nd3 Bxc3 7.dxc3 Nxe4 8.
O-O d6 9.Nf4 Nd7 10.Be3 Ndf6 11.Qe1 Bf5 12.Bd3 Qd7 13.f3 1/2-1/2

[Event "39th POL-ch (w)"]
[Site "Wroclaw POL"]
[Date "1987.??.??"]
[Round "8"]
[White "Sikora-Gizynska, Bozena"]
[Black "Swiecik, Iwona"]
[Result "1/2-1/2"]
[WhiteElo "2155"]
[BlackElo "2140"]
[EventDate "1987.03.20"]
[PlyCount "85"]

1.e4 c5 2.Nf3 e6 3.d4 cxd4 4.Nxd4 Nf6 5.Nc3 Nc6 6.Be2 Bb4 7.O-O Bxc3 8.
bxc3 Nxe4 9.Bf3 d5 10.Nxc6 bxc6 11.Bxe4 dxe4 12.Qxd8+ Kxd8 13.Re1 f5 14.
Bg5+ Ke8 15.Red1 Kf7 16.Rd6 h6 17.Be3 Re8 18.Rad1 Re7 19.Bc5 Rb8 20.h3 
Rbb7 21.Rxc6 Rec7 22.Rxc7+ Rxc7 23.Bd4 Ba6 24.Rb1 Bc4 25.a3 Kg6 26.Rb4 Be2
27.Ra4 a6 28.Rb4 Kf7 29.Be5 Rd7 30.Rd4 Rd5 31.Rxd5 exd5 32.h4 g5 33.hxg5 
hxg5 34.g3 Ke6 35.Bb8 Kf6 36.a4 Kg6 37.f4 exf3 38.Kf2 Kh5 39.Bd6 Kg4 40.a5
Bd1 41.Bc7 Bxc2 42.Bd6 Be4 43.Bc7 1/2-1/2

[Event "39th POL-ch (w)"]
[Site "Wroclaw POL"]
[Date "1987.??.??"]
[Round "8"]
[White "Kaczmarek, Ewa"]
[Black "Jalowiec, Halina"]
[Result "0-1"]
[WhiteElo "2140"]
[BlackElo "2175"]
[EventDate "1987.03.20"]
[PlyCount "112"]

1.e4 d5 2.exd5 Nf6 3.d4 Nxd5 4.c4 Nb6 5.Nf3 g6 6.h3 Bg7 7.Nc3 O-O 8.c5 
N6d7 9.Bf4 c6 10.Bc4 Qa5 11.Qa4 Qxa4 12.Nxa4 b5 13.cxb6 axb6 14.Nc3 b5 15.
Bb3 b4 16.Ne4 Ra5 17.O-O Ba6 18.Rfe1 c5 19.Nxc5 Nxc5 20.dxc5 Nc6 21.Be5 
Rxc5 22.Bxg7 Kxg7 23.Rac1 Rxc1 24.Rxc1 Na5 25.Rc7 Nxb3 26.axb3 Rc8 27.Rxc8
Bxc8 28.Nd4 Kf6 29.Nc6 Be6 30.Nxb4 Bxb3 31.Kf1 Bc4+ 32.Ke1 g5 33.Nc2 Ke5 
34.Kd2 f5 35.Kc3 Ba6 36.b4 h5 37.Ne1 Bf1 38.Nd3+ Ke4 39.Ne1 h4 40.Kd2 g4 
41.f3+ Kf4 42.fxg4 fxg4 43.Nd3+ Kg3 44.hxg4 Bxg2 45.g5 h3 46.Ke1 Bd5 47.b5
h2 48.Nf2 Kh4 49.g6 Kh5 50.g7 Kg6 51.g8=Q+ Bxg8 52.Kd2 Bd5 53.Kc3 e5 54.b6
Kf5 55.Kd3 Ke6 56.Kc3 Kd6 0-1

[Event "39th POL-ch (w)"]
[Site "Wroclaw POL"]
[Date "1987.??.??"]
[Round "8"]
[White "Leszner, Liliana"]
[Black "Laszewska, Izabela"]
[Result "1-0"]
[WhiteElo "2190"]
[BlackElo "2150"]
[EventDate "1987.03.20"]
[PlyCount "81"]

1.e4 e6 2.d3 d5 3.Nd2 Nf6 4.Ngf3 Nc6 5.g3 dxe4 6.dxe4 e5 7.Bg2 Bc5 8.O-O 
O-O 9.c3 a5 10.a4 b6 11.Nb3 Ba6 12.Qxd8 Raxd8 13.Re1 Be7 14.h3 Rd7 15.Bf1 
Bxf1 16.Kxf1 Rfd8 17.Nbd2 Rd3 18.Ke2 g6 19.Nc4 Nxe4 20.Ncxe5 Nxe5 21.Nxe5 
R3d6 22.Kf1 f5 23.Be3 Bf6 24.Nc4 Rd5 25.Bf4 R8d7 26.h4 Rc5 27.Na3 Nd2+ 28.
Kg2 Nc4 29.Nxc4 Rxc4 30.Rad1 Rxd1 31.Rxd1 Rxa4 32.Bxc7 b5 33.Rd5 b4 34.
Rxa5 Rxa5 35.Bxa5 bxc3 36.Bxc3 Be7 37.Kf3 Bc5 38.b4 Bb6 39.Bd2 Kf7 40.Be3 
Bc7 41.b5 1-0

[Event "39th POL-ch (w)"]
[Site "Wroclaw POL"]
[Date "1987.??.??"]
[Round "8"]
[White "Kaczorowska, Barbara"]
[Black "Brustman, Agnieszka"]
[Result "1/2-1/2"]
[WhiteElo "2170"]
[BlackElo "2335"]
[EventDate "1987.03.20"]
[PlyCount "26"]

1.d4 Nf6 2.c4 g6 3.Nc3 Bg7 4.Nf3 O-O 5.e4 d6 6.Be2 e5 7.O-O Nc6 8.dxe5 
dxe5 9.Qxd8 Rxd8 10.Bg5 Rd7 11.Rfd1 Rxd1+ 12.Rxd1 Bg4 13.Kf1 h6 1/2-1/2

[Event "39th POL-ch (w)"]
[Site "Wroclaw POL"]
[Date "1987.??.??"]
[Round "9"]
[White "Zboron, Hanna"]
[Black "Jagodzinska, Joanna"]
[Result "0-1"]
[WhiteElo "2070"]
[BlackElo "2200"]
[EventDate "1987.03.20"]
[PlyCount "60"]

1.d4 Nf6 2.Nf3 c5 3.c3 e6 4.Bf4 d5 5.e3 Be7 6.h3 O-O 7.Nbd2 b6 8.Ne5 Bb7 
9.Bd3 Nc6 10.Nxc6 Bxc6 11.O-O Bd6 12.Bxd6 Qxd6 13.Qc2 c4 14.Be2 b5 15.f3 
Rac8 16.e4 Qg3 17.e5 Nh5 18.f4 Nxf4 19.Rxf4 Qxf4 20.Nf1 f6 21.exf6 Rxf6 
22.Bf3 e5 23.dxe5 Qxe5 24.Rd1 Rf4 25.Qd2 Rcf8 26.Qe2 Qxe2 27.Bxe2 Rf2 28.
Bf3 Rxb2 29.Bxd5+ Bxd5 30.Rxd5 Rb1 0-1

[Event "39th POL-ch (w)"]
[Site "Wroclaw POL"]
[Date "1987.??.??"]
[Round "9"]
[White "Sosnowska, Elzbieta"]
[Black "Kaczmarek, Ewa"]
[Result "1-0"]
[WhiteElo "2065"]
[BlackElo "2140"]
[EventDate "1987.03.20"]
[PlyCount "89"]

1.e4 c5 2.Nf3 e6 3.d4 cxd4 4.Nxd4 Nf6 5.Nc3 d6 6.g4 h6 7.h3 Nc6 8.Bg2 Nxd4
9.Qxd4 Bd7 10.O-O Be7 11.Ne2 Qc7 12.c4 Rc8 13.b3 b5 14.cxb5 Bxb5 15.Re1 
Nxg4 16.Ba3 Bxe2 17.Rac1 Qd7 18.Rxc8+ Qxc8 19.hxg4 Bb5 20.Bxd6 Bxd6 21.
Qxd6 Qd8 22.Qe5 Bd7 23.Qxg7 Ke7 24.Rd1 Rg8 25.Qxh6 Rxg4 26.Qd2 Qc7 27.Qb4+
Ke8 28.Qd6 Qxd6 29.Rxd6 Bc8 30.f3 Rg5 31.Rc6 Kd7 32.Rc3 Bb7 33.Kf2 Ra5 34.
a4 Bc6 35.Ke3 f5 36.Kf4 fxe4 37.fxe4 Rh5 38.Bf3 Rh8 39.Bg4 Re8 40.Ke5 Re7 
41.Rd3+ Kc7 42.Rd4 Bd7 43.Rc4+ Kd8 44.Kd6 Rg7 45.e5 1-0

[Event "39th POL-ch (w)"]
[Site "Wroclaw POL"]
[Date "1987.??.??"]
[Round "9"]
[White "Rzeczycka, Bozena"]
[Black "Sikora-Gizynska, Bozena"]
[Result "0-1"]
[WhiteElo "2180"]
[BlackElo "2155"]
[EventDate "1987.03.20"]
[PlyCount "122"]

1.e4 c5 2.Nf3 d6 3.d4 cxd4 4.Nxd4 Nf6 5.Nc3 e6 6.g4 Nc6 7.g5 Nd7 8.Be3 a6 
9.Qd2 Qc7 10.h4 Nxd4 11.Qxd4 b5 12.Rg1 Rb8 13.a3 Ne5 14.Rg3 b4 15.axb4 Nc6
16.Qd2 Nxb4 17.h5 Bb7 18.Bg2 Be7 19.Bd4 O-O 20.Bf6 d5 21.Kf1 Rbd8 22.Bxe7 
Qxe7 23.e5 Qc7 24.Qf4 Qe7 25.h6 g6 26.Rc1 Rc8 27.b3 Rfd8 28.Kg1 Rc7 29.Qd2
Rdc8 30.Kh2 Rc6 31.Qd4 R6c7 32.Qd2 Rc5 33.Qd4 a5 34.Na4 Rxc2 35.Rxc2 Rxc2 
36.Qa7 Qc7 37.Qe3 Rc1 38.Qf4 Qc8 39.Qf6 Qf8 40.Nb6 Rc7 41.Rc3 Bc6 42.Rc5 
Rb7 43.Nc8 Rc7 44.Nd6 Ra7 45.Rxa5 Rxa5 46.Nc8 Ra7 47.Nxa7 Bd7 48.Bf1 d4 
49.Bc4 d3 50.Qf4 Qc5 51.Qf6 Qf8 52.Qf4 Qc5 53.Qf6 Qf8 54.Qf3 Qb8 55.Qe3 d2
56.Qxd2 Qxa7 57.Qxb4 Qxf2+ 58.Kh3 Qf3+ 59.Kh2 Qh5+ 60.Kg3 Qxg5+ 61.Kf2 
Qf4+ 0-1

[Event "39th POL-ch (w)"]
[Site "Wroclaw POL"]
[Date "1987.??.??"]
[Round "9"]
[White "Laszewska, Izabela"]
[Black "Strzalka, Joanna"]
[Result "1/2-1/2"]
[WhiteElo "2150"]
[BlackElo "2170"]
[EventDate "1987.03.20"]
[PlyCount "84"]

1.e4 e5 2.Nf3 Nc6 3.Bc4 Nf6 4.d3 Bc5 5.c3 d6 6.O-O O-O 7.b4 Bb6 8.a4 a6 9.
a5 Ba7 10.Nbd2 Ne7 11.Re1 Ng4 12.Re2 Kh8 13.h3 Nh6 14.Nf1 f5 15.N1h2 Ng6 
16.exf5 Bxf5 17.Bg5 Qc8 18.d4 Bxh3 19.gxh3 Qxh3 20.Re4 c6 21.Qf1 Rxf3 22.
Nxf3 Qxf3 23.Re3 Qf5 24.Bxh6 Rf8 25.Bxg7+ Kxg7 26.Bd3 Qf6 27.Bxg6 hxg6 28.
Rae1 exd4 29.Re7+ Rf7 30.Rxf7+ Qxf7 31.Qh3 dxc3 32.Qxc3+ Kg8 33.Re2 Qf5 
34.Qg3 Bd4 35.Kg2 Be5 36.Qh3 Qg5+ 37.Kf1 Qc1+ 38.Re1 Qc4+ 39.Re2 Qxb4 40.
Qe6+ Kg7 41.Qe7+ Kh6 42.Re3 Qc4+ 1/2-1/2

[Event "39th POL-ch (w)"]
[Site "Wroclaw POL"]
[Date "1987.??.??"]
[Round "9"]
[White "Jalowiec, Halina"]
[Black "Szmacinska, Grazyna"]
[Result "1-0"]
[WhiteElo "2175"]
[BlackElo "2315"]
[EventDate "1987.03.20"]
[PlyCount "103"]

1.e4 g6 2.d4 Bg7 3.Nc3 c6 4.f4 d5 5.exd5 cxd5 6.Bb5+ Nc6 7.Nf3 Nf6 8.O-O 
O-O 9.Kh1 Bg4 10.h3 Bxf3 11.Rxf3 e6 12.Be3 Rc8 13.Bg1 a6 14.Bd3 Nb4 15.a3 
Nxd3 16.Qxd3 b5 17.Re1 Qc7 18.Re2 Qc4 19.Qd1 Rc7 20.Bh2 Rd7 21.Bg1 Rc8 22.
g4 b4 23.b3 Qc6 24.axb4 Ne4 25.Na4 f5 26.Nc5 Ra7 27.Qd3 Bf8 28.c3 Rb8 29.
Ra2 a5 30.Ra3 Raa8 31.bxa5 Bxc5 32.dxc5 d4 33.Bxd4 Rd8 34.Kg2 Rd5 35.b4 
Rad8 36.b5 Qc8 37.Qe3 e5 38.fxe5 fxg4 39.Qxe4 gxf3+ 40.Qxf3 Rxc5 41.b6 Rb5
42.a6 Rb2+ 43.Kg3 Rxd4 44.cxd4 Qc1 45.a7 Qg1+ 46.Kh4 Qxd4+ 47.Qg4 Qf2+ 48.
Rg3 Ra2 49.Qe6+ Kg7 50.Qf6+ Kh6 51.Qxf2 Rxf2 52.Rxg6+ 1-0

[Event "39th POL-ch (w)"]
[Site "Wroclaw POL"]
[Date "1987.??.??"]
[Round "9"]
[White "Swiecik, Iwona"]
[Black "Kaczorowska, Barbara"]
[Result "1/2-1/2"]
[WhiteElo "2140"]
[BlackElo "2170"]
[EventDate "1987.03.20"]
[PlyCount "101"]

1.e4 c6 2.d4 d5 3.Nc3 dxe4 4.Nxe4 Bf5 5.Ng3 Bg6 6.h4 h6 7.h5 Bh7 8.Nf3 Nd7
9.Bd3 Bxd3 10.Qxd3 Ngf6 11.Bd2 e6 12.O-O-O Qc7 13.Qe2 O-O-O 14.Ne5 Nb6 15.
Ba5 Bd6 16.Nc4 Bxg3 17.fxg3 Nfd5 18.Ne5 Qe7 19.c4 Nc7 20.Rhf1 Rhf8 21.Qg4 
f5 22.Qf4 Rfe8 23.Rf3 c5 24.Ng6 Qd7 25.Rfd3 Qa4 26.Ra3 Qxd1+ 27.Kxd1 Rxd4+
28.Qxd4 cxd4 29.Bxb6 axb6 30.Ne5 Na6 31.Rd3 Nb4 32.Rxd4 Nxa2 33.Nd3 e5 34.
Rd5 e4 35.Nf4 Rd8 36.Ne6 Rxd5+ 37.cxd5 Nb4 38.Nxg7 Nxd5 39.Nxf5 Nf6 40.
Nxh6 Nxh5 41.g4 Nf4 42.g3 Ne6 43.Ke2 Kd7 44.Ke3 Nc5 45.g5 Ke6 46.g4 b5 47.
Nf5 b4 48.g6 Kf6 49.g7 Kf7 50.g5 b3 51.Nd6+ 1/2-1/2

[Event "39th POL-ch (w)"]
[Site "Wroclaw POL"]
[Date "1987.??.??"]
[Round "10"]
[White "Zboron, Hanna"]
[Black "Brustman, Agnieszka"]
[Result "1/2-1/2"]
[WhiteElo "2070"]
[BlackElo "2335"]
[EventDate "1987.03.20"]
[PlyCount "72"]

1.d4 Nf6 2.Nf3 g6 3.Nbd2 d5 4.e3 Bg7 5.Bd3 c5 6.c3 Nbd7 7.O-O Qc7 8.e4 
cxd4 9.Nxd4 O-O 10.f4 Nc5 11.Qe2 Nfxe4 12.Bxe4 dxe4 13.Nxe4 b6 14.Nxc5 
bxc5 15.Nb3 c4 16.Nd4 Bxd4+ 17.cxd4 Bf5 18.Rf2 Bd3 19.Qe5 Qxe5 20.dxe5 
Rab8 21.Be3 Rb7 22.Bd4 Rd8 23.Bc3 Bf5 24.Re1 Rbd7 25.h3 h5 26.Rfe2 Rd5 27.
a3 Kf8 28.Rf2 Ke8 29.Ree2 Rd1+ 30.Kh2 Rb1 31.Rd2 Rxd2 32.Rxd2 Bd3 33.Kg3 
Kd7 34.Kf3 Ke6 35.Rf2 Rh1 36.Bb4 Rd1 1/2-1/2

[Event "39th POL-ch (w)"]
[Site "Wroclaw POL"]
[Date "1987.??.??"]
[Round "10"]
[White "Sikora-Gizynska, Bozena"]
[Black "Jalowiec, Halina"]
[Result "1/2-1/2"]
[WhiteElo "2155"]
[BlackElo "2175"]
[EventDate "1987.03.20"]
[PlyCount "120"]

1.e4 d5 2.exd5 Nf6 3.d4 Nxd5 4.Nf3 g6 5.Be2 Bg7 6.O-O O-O 7.Na3 a5 8.c3 
Nc6 9.Nc4 b5 10.Ne3 Rb8 11.Nxd5 Qxd5 12.Bf4 Qd8 13.d5 Na7 14.Be3 Rb7 15.
Bxa7 Rxa7 16.Bxb5 Bb7 17.Bc4 Qd7 18.Qd3 Rd8 19.Rad1 a4 20.Ng5 Qd6 21.Qf3 
Qf6 22.Qe3 Ra5 23.Nf3 Bxd5 24.Bxd5 Raxd5 25.Rxd5 Rxd5 26.Qe4 Ra5 27.Qb4 
Qb6 28.a3 Qxb4 29.axb4 Rd5 30.g3 c5 31.bxc5 a3 32.bxa3 Rxc5 33.Rc1 Ra5 34.
c4 Rxa3 35.Kg2 Kf8 36.c5 Ke8 37.Rc2 Rc3 38.Rxc3 Bxc3 39.c6 f6 40.Ng1 Kd8 
41.Ne2 Be5 42.Nc1 Kc7 43.Nd3 Bd6 44.Kf3 Kxc6 45.Ke4 e5 46.g4 Bc7 47.h3 Bb8
48.Nb4+ Kd6 49.Nd3 Ba7 50.f4 Bd4 51.fxe5+ fxe5 52.Ne1 Ke6 53.Nf3 Kf6 54.
Ne1 Bf2 55.Nf3 Bg3 56.Nd2 h6 57.Nf3 Bf4 58.Ne1 Bd2 59.Nf3 Bc3 60.Ng1 Ke6 
1/2-1/2

[Event "39th POL-ch (w)"]
[Site "Wroclaw POL"]
[Date "1987.??.??"]
[Round "10"]
[White "Kaczmarek, Ewa"]
[Black "Laszewska, Izabela"]
[Result "1-0"]
[WhiteElo "2140"]
[BlackElo "2150"]
[EventDate "1987.03.20"]
[PlyCount "169"]

1.e4 e6 2.d4 d5 3.Nd2 Nf6 4.e5 Nfd7 5.Bd3 c5 6.c3 Nc6 7.Ne2 cxd4 8.cxd4 f6
9.exf6 Nxf6 10.Nf3 Bd6 11.O-O Qc7 12.g3 O-O 13.Bf4 Nh5 14.Bxd6 Qxd6 15.Nc3
g6 16.a3 a6 17.Qe2 Bd7 18.Rad1 Rae8 19.Bb1 e5 20.dxe5 Nxe5 21.Nxe5 Rxe5 
22.Qd2 Bh3 23.Rfe1 Rfe8 24.Ba2 Rxe1+ 25.Rxe1 Rxe1+ 26.Qxe1 Nf6 27.Qd2 Be6 
28.Qd4 Kf7 29.Ne2 b6 30.Nf4 Qc5 31.Qe5 Qc6 32.h4 Nd7 33.Qxe6+ Qxe6 34.Bxd5
Qxd5 35.Nxd5 Ke6 36.Nc7+ Ke5 37.Nxa6 Kd4 38.a4 Kc4 39.b4 Kb3 40.a5 bxa5 
41.bxa5 Ka4 42.Nc7 Kxa5 43.Ne6 Kb6 44.Kg2 Kc6 45.Kf3 Kd5 46.Ng5 h6 47.Nf7 
h5 48.Kf4 Ke6 49.Ng5+ Kf6 50.Ne4+ Kg7 51.Kg5 Nf8 52.Nc5 Nh7+ 53.Kf4 Nf6 
54.Ne6+ Kf7 55.Ng5+ Kg7 56.Ne4 Nd7 57.Nc3 Nf6 58.Ne2 Nd7 59.Nd4 Kf6 60.Nc6
Nf8 61.Nd4 Nd7 62.Nf3 Nf8 63.Ng5 Nd7 64.Ne4+ Kf7 65.f3 Nf8 66.Kg5 Kg7 67.
Nc5 Nh7+ 68.Kf4 Nf6 69.Ke5 Kf7 70.Ne4 Ng8 71.Kf4 Kg7 72.Kg5 Ne7 73.Nd6 Nd5
74.f4 Nf6 75.f5 Nh7+ 76.Kf4 gxf5 77.Kxf5 Kh6 78.Nf7+ Kg7 79.Ng5 Nf6 80.Nh3
Nh7 81.Nf4 Nf6 82.Ke6 Ne4 83.Nxh5+ Kh6 84.g4 Nf2 85.Kf5 1-0

[Event "39th POL-ch (w)"]
[Site "Wroclaw POL"]
[Date "1987.??.??"]
[Round "10"]
[White "Kaczorowska, Barbara"]
[Black "Rzeczycka, Bozena"]
[Result "0-1"]
[WhiteElo "2170"]
[BlackElo "2180"]
[EventDate "1987.03.20"]
[PlyCount "120"]

1.d4 d5 2.Nf3 Nf6 3.g3 Bf5 4.Bg2 c6 5.O-O h6 6.c4 e6 7.Qb3 Qb6 8.Nbd2 Nbd7
9.Qxb6 axb6 10.b3 Be7 11.Bb2 O-O 12.a4 Ne4 13.Nxe4 Bxe4 14.Rac1 Rfe8 15.
Rfd1 Bh7 16.h4 Red8 17.Nd2 Nf6 18.f3 Bb4 19.Kf2 Rd7 20.Bc3 Bxc3 21.Rxc3 
Rad8 22.c5 bxc5 23.Rxc5 Ra8 24.e3 Rdd8 25.Rdc1 Ra7 26.Bf1 Nd7 27.R5c3 Nb8 
28.Be2 Na6 29.Bxa6 Rxa6 30.Ke2 Kf8 31.Rc5 Rda8 32.e4 Ke7 33.Ke3 Kd7 34.Kf4
Ra5 35.Nf1 Rxc5 36.Rxc5 b6 37.Rc3 f6 38.Nh2 e5+ 39.dxe5 fxe5+ 40.Kxe5 dxe4
41.fxe4 Re8+ 42.Kf4 Rxe4+ 43.Kf3 Rb4 44.Nf1 Be4+ 45.Ke3 Bd5 46.Nd2 Rg4 47.
Kf2 Kd6 48.Rc1 Rb4 49.Ra1 Kc5 50.a5 bxa5 51.Rxa5+ Kd4 52.Ra7 Kd3 53.Nc4 
Rxb3 54.Ne5+ Ke4 55.Nxc6 Bxc6 56.Rxg7 Rb2+ 57.Kg1 Ke3 58.Re7+ Be4 59.g4 
Rg2+ 60.Kf1 Rxg4 0-1

[Event "39th POL-ch (w)"]
[Site "Wroclaw POL"]
[Date "1987.??.??"]
[Round "10"]
[White "Jagodzinska, Joanna"]
[Black "Leszner, Liliana"]
[Result "1-0"]
[WhiteElo "2200"]
[BlackElo "2190"]
[EventDate "1987.03.20"]
[PlyCount "95"]

1.e4 d6 2.d4 g6 3.Nc3 Bg7 4.Be3 Nf6 5.f3 O-O 6.Qd2 Nc6 7.O-O-O e5 8.d5 Ne7
9.h4 Nh5 10.g4 Ng3 11.Rh2 f5 12.Bh3 Bf6 13.gxf5 gxf5 14.Qg2 f4 15.Bf2 Kh8 
16.Bxg3 Rg8 17.Nge2 fxg3 18.Nxg3 Ng6 19.Bxc8 Rxc8 20.Nf5 Ne7 21.Qh3 Nxf5 
22.Qxf5 Qe7 23.Qh3 Rcf8 24.Ne2 Qg7 25.Kb1 Be7 26.Rf1 Rf6 27.a3 Rg6 28.Rff2
Qh6 29.h5 R6g7 30.Ka2 Bg5 31.Ng3 Qf6 32.Nf5 Rf7 33.Rhg2 c6 34.c4 Rd8 35.
Rf1 b5 36.dxc6 bxc4 37.Rd1 d5 38.Rc2 Qxc6 39.Qg4 h6 40.exd5 Rxd5 41.Rxc4 
Qd7 42.Nxh6 Rxd1 43.Qxg5 Rg7 44.Qxe5 Qd3 45.Nf7+ Kh7 46.Ng5+ Kh6 47.Rc6+ 
Kxh5 48.Ne4+ 1-0

[Event "39th POL-ch (w)"]
[Site "Wroclaw POL"]
[Date "1987.??.??"]
[Round "11"]
[White "Laszewska, Izabela"]
[Black "Szmacinska, Grazyna"]
[Result "0-1"]
[WhiteElo "2150"]
[BlackElo "2315"]
[EventDate "1987.03.20"]
[PlyCount "80"]

1.e4 g6 2.d4 Bg7 3.Nc3 d6 4.f4 Nc6 5.Nf3 Bg4 6.Be3 Bxf3 7.gxf3 e6 8.f5 Bh6
9.Qd2 Qh4+ 10.Qf2 Qxf2+ 11.Bxf2 gxf5 12.exf5 e5 13.dxe5 Nxe5 14.Be2 O-O-O 
15.O-O Ne7 16.f6 N7c6 17.Nd5 Nd7 18.Rfe1 Bg5 19.Ne7+ Kb8 20.Nxc6+ bxc6 21.
Ba6 Rde8 22.Re7 Rxe7 23.fxe7 Bxe7 24.Re1 Bf6 25.Re4 Ka8 26.b4 Be5 27.Rh4 
Kb8 28.c4 Nf8 29.c5 Ng6 30.Re4 f5 31.Re1 f4 32.Rc1 Ne7 33.Bh4 Nd5 34.cxd6 
Bxd6 35.a3 Rg8+ 36.Kh1 Re8 37.Rxc6 Re3 38.Bc4 Nb6 39.Bg8 Rxf3 40.Bxh7 Rh3 
0-1

[Event "39th POL-ch (w)"]
[Site "Wroclaw POL"]
[Date "1987.??.??"]
[Round "11"]
[White "Jalowiec, Halina"]
[Black "Kaczorowska, Barbara"]
[Result "1-0"]
[WhiteElo "2175"]
[BlackElo "2170"]
[EventDate "1987.03.20"]
[PlyCount "95"]

1.e4 c5 2.Nf3 e6 3.d4 cxd4 4.Nxd4 Nf6 5.Nc3 d6 6.g3 Bd7 7.Bg2 Nc6 8.O-O 
Be7 9.Be3 O-O 10.f4 Qc7 11.h3 Rfd8 12.Qe2 Rac8 13.Ncb5 Nxd4 14.Nxd4 a6 15.
Rf2 Bf8 16.a4 Qc4 17.Qxc4 Rxc4 18.b3 Rc3 19.Bd2 Rxg3 20.Kh2 Rxg2+ 21.Rxg2 
Nxe4 22.Ba5 Rc8 23.Bb4 e5 24.fxe5 dxe5 25.Bxf8 Kxf8 26.Nf3 Rc3 27.Rf1 f6 
28.Re2 Nc5 29.Nxe5 Bxh3 30.Rf3 Rxf3 31.Nxf3 Bd7 32.Nd4 Kf7 33.a5 g5 34.b4 
Ne6 35.Nf5 Bb5 36.c4 Bc6 37.Rb2 Ke8 38.b5 axb5 39.cxb5 Bf3 40.Kg3 g4 41.
Nh6 Ke7 42.Nxg4 Be4 43.Nf2 Bd5 44.Nd3 Bc4 45.Nf4 Nxf4 46.Kxf4 Kd6 47.a6 
bxa6 48.bxa6 1-0

[Event "39th POL-ch (w)"]
[Site "Wroclaw POL"]
[Date "1987.??.??"]
[Round "11"]
[White "Brustman, Agnieszka"]
[Black "Jagodzinska, Joanna"]
[Result "1-0"]
[WhiteElo "2335"]
[BlackElo "2200"]
[EventDate "1987.03.20"]
[PlyCount "91"]

1.e4 c5 2.Nf3 d6 3.d4 cxd4 4.Nxd4 Nf6 5.Nc3 g6 6.Be3 Bg7 7.f3 Nc6 8.Qd2 
O-O 9.O-O-O Nxd4 10.Bxd4 Be6 11.Kb1 Qc7 12.h4 Rfc8 13.h5 Qa5 14.a3 Rab8 
15.Bxf6 Bxf6 16.Nd5 Qxd2 17.Nxf6+ Kg7 18.Rxd2 Kxf6 19.h6 Bc4 20.f4 Bxf1 
21.Rxf1 Rc4 22.Re2 Rf8 23.Rf3 Rc5 24.g4 g5 25.b4 Rc4 26.e5+ dxe5 27.fxg5+ 
Kxg5 28.Rxe5+ Kxg4 29.Rf1 e6 30.Rxe6 fxe6 31.Rxf8 Rf4 32.Rg8+ Kf3 33.Re8 
Rf6 34.Re7 Rxh6 35.Rxb7 e5 36.Rxa7 e4 37.c4 e3 38.Rf7+ Kg2 39.Kc2 Rd6 40.
Rxh7 e2 41.Re7 Kf2 42.c5 Rd7 43.Re6 Ra7 44.c6 Rxa3 45.c7 Re3 46.Rxe3 1-0